000 01045nam a22003730a 4500
001 PT52481
003 AR-LpoUNG
005 20210131231520.0
008 191001s2008||||xxu|||||||||||||||||eng d
020 _a9781589480131
_c$44,66
040 _aAR-LpoUNG
_bspa
_cAR-LpoUNG
_eaacr
041 _aeng
044 _axxu
082 0 _a910.011 3 73pla
100 1 _aKnowles, Anne Kelly
_eed.
245 1 0 _aPlacing history :
_bhow maps, spatial data, and GIS are changing historical scholarship
250 _a1ra. ed.
260 _aNew York :
_bEsri,
_c2008.
300 _axx, 313 p. :
_bmapa + Cd-Rom
650 4 _aANALISIS DE LA INFORMACION
650 4 _aCIENCIA Y TECNOLOGIA
650 4 _aCONCEPTOS GEOGRAFICOS
650 4 _aGEODESIA
650 4 _aGEOGRAFIA
650 4 _aMAPAS
650 4 _aPROCESAMIENTO DE DATOS
650 4 _aREGIONES GEOGRAFICAS
650 4 _aSISTEMAS DE INFORMACION GEOGRAFICA
651 4 _aDOCUMENTOS TEORICOS O METODOLOGICOS
653 _aGIS
653 _aSIG
905 _a52481
942 _cLIB
999 _c10468
_d10468